00596nam a2200205 a 4500001001300000003000900013005001700022008004100039020001000080082001900090100002900109245002100138260004400159500003500203505002700238505005300265650002300318650002000341700002900361nice12345678IN_TiNIC20260116011540.0050524s1931 dela grp 000 0 urd  ac10000a297.1227bAHM1 aAhmed, Abul Kalam (azad) aTarjumanul Quran aDelhibOffice of Tarjuman-E-Quranc1931 aincludes index and biblioraphy2 a3 vols. bound together2 a3 vols. bound together00gV1.tTarjumanul Quran. aQuran-Hermeneutics aAbul Kalam Azad1 aAhmed, Abul Kalam (azad)